Przedmioty szkolne po skojarzeniach - Statystyki

Ogólne statystyki
  • Ten quiz został rozwiązany 42 razy
    28 od ostatniego zresetowania
  • Średni wynik to 16 z 20
Statystyki odpowiedzi
Skojarzenie Przedmiot % Poprawnych
good morning, pig, red angielski
91%
mitochondrium, ciało ludzkie, płazińce biologia
91%
tablica Mendelejewa, wzór chemia
91%
daty, zabory, II wojna światowa historia
91%
¡Holá!, él/ella, j = h hiszpański
91%
flet, orkiestra, kontrabas muzyka
91%
Guten Tag, der/die/das niemiecki
91%
Pan Tadeusz, Dziady, Hobbit polski
91%
Jezus, niebo, Maryja religia
91%
kontynenty, ruch obiegowy, Polska geografia
86%
Wordpad, Scratch, Paint informatyka
86%
algebra, arytmetyka, geometria matematyka
86%
brzuszki, rozgrzewka, bieganie wychowanie fizyczne
86%
symetria, kontrast, perspektywa plastyka
82%
właściwości, siła, magnetyzm fizyka
77%
klej na gorąco, szydełkowanie technika
77%
kontrowersje, płeć, depresja, seks edukacja zdrowotna
73%
pisanie, czytanie, klasy 1-3 edukacja wczesnoszkolna
59%
moralność, alternatywa etyka
41%
ciało ludzkie, liść, 4 w 1 przyroda
36%
Nie znaleziono quizów pasujących do podanych kryteriów
Rozkład punktacji
Procent ludzi z każdym wynikiem
Percentyl według liczby udzielonych odpowiedzi
Twoja historia wyników
Nie rozwiązałeś tego quizu od ostatniego zresetowania